[Event "Tan Chin Nam Cup 2nd"]
[Site "Beijing"]
[Date "1996.??.??"]
[Round "1"]
[White "Zhang, Zhong"]
[Black "Stohl, Igor"]
[Result "1/2-1/2"]
[WhiteElo "2425"]
[BlackElo "2560"]
[Annotator "Stohl,I"]
[PlyCount "59"]
[EventDate "1996.08.??"]
[EventType "tourn"]
[EventRounds "9"]
[EventCountry "CHN"]
[EventCategory "10"]
[SourceTitle "CBM 055"]
[Source "ChessBase"]
[SourceDate "1996.12.01"]
[SourceVersion "1"]
[SourceVersionDate "1996.12.01"]
[SourceQuality "1"]

1. d4 Nf6 2. Nf3 g6 3. Bg5 Bg7 4. Nbd2 d6 5. e4 h6 6. Bh4 O-O 7. c3 c5 8. dxc5
(8. Bd3 $6 cxd4 9. cxd4 Nh5 $1 10. Nb3 Nc6 11. Bc4 g5 12. Bg3 Na5 13. Qd3 Nxc4
14. Qxc4 Be6 15. Qd3 Rc8 16. Nfd2 a5 17. a4 Qb6 18. O-O Qb4 19. f4 $6 b5 $1 {
Dudas,J-Stohl,I/SVK-chT 9596/1996/}) 8... dxc5 9. Be2 (9. Bc4 Nc6 (9... Nh5 10.
Qc2 Qc7 11. O-O Nc6 12. Rfe1 (12. Bg3 Nxg3 13. hxg3 Na5 14. Be2 Be6 15. Rfd1
Rad8 16. Nb3 Rxd1+ 17. Rxd1 Nxb3 18. axb3 Rd8 19. Bc4 Bc8 $10 {1/2/Psakhis,
L-Temirbaev,S/Moscow olm/1994/}) 12... Na5 13. Bf1 Be6 14. Rad1 Rfd8 15. Qa4 g5
16. Bg3 Nxg3 17. hxg3 a6 18. Be2 b5 19. Qc2 Rd7 20. Nh2 Rad8 21. Nhf1 Nc6 22.
Ne3 Bxa2 23. b3 Qa5 24. Nd5 e6 25. Ra1 exd5 26. Rxa2 Qxc3 $17 {Kakageldyev,
A-Temirbaev,S/Jerevan olm/1996/}) 10. O-O Na5 (10... g5 11. Bg3 Nh5 12. Nxg5
Nxg3 13. Nxf7 Rxf7 14. Bxf7+ Kxf7 15. hxg3 Be6 16. f4 Kg8 17. e5 Qd3 18. g4 Rd8
19. Rf2 Qg3 20. f5 Nxe5 21. fxe6 Nxg4 $40 {Nagrocka,E-Krojanski,H/Dortmund
op-A/1993/}) (10... Bg4 11. Qc2 Nh5 (11... Na5 12. Be2 Be6 13. Rfd1 Qb6 14. Ne5
Qc7 15. Nd3 Qc8 16. Qa4 b6 17. e5 Nd7 18. Bf3 g5 19. Bxa8 Qxa8 20. Bg3 c4 21.
Ne1 Bxe5 22. Ndf3 Bxg3 23. hxg3 Nf6 24. Qc2 Nc6 25. Nd4 $16 {Lipka,J-Demeter,P/
SVK-chT9596/1996/}) 12. Rfe1 Qc7 13. a4 Rad8 14. Bg3 Nxg3 15. hxg3 Na5 16. Ba2
c4 17. Nf1 Be6 18. Ne3 a6 19. Rad1 Qc5 20. Qe2 b5 21. axb5 axb5 22. Rxd8 Rxd8
23. Rd1 Rd6 $15 {Kovacevic,Vlado-Chiburdanidze,M/Vinkovci/1982/}) 11. Be2 Be6
12. Qc2 Nh5 13. Rfd1 Qc7 14. Nf1 Rad8 15. Rxd8 Rxd8 16. Ne3 a6 17. Nd2 Nf4 18.
Bf1 Rd7 19. Bg3 Be5 20. Nf3 Bg7 21. Rd1 Rxd1 22. Qxd1 b5 $10 {Urban,K-Jaracz,P/
POL-ch/1991/}) (9. Qc2 Nh5 (9... Nc6 10. Be2 Nh5 11. O-O Nf4 12. Bb5 Qc7 13.
Bg3 Na5 14. a4 a6 15. Bc4 Bd7 16. Rfe1 b5 17. Bd5 Ra7 18. axb5 axb5 19. Bxf4
Qxf4 20. e5 Bf5 21. Be4 Nc6 22. Rxa7 Nxa7 23. Qd3 Nc6 24. e6 $1 $36 {Balashov,
Y-Savon,V/URS-ch42 Leningrad/1974/}) 10. Nc4 Nc6 11. Ne3 Be6 12. g4 Nf6 13. h3
Qa5 14. Nd2 b5 15. Bg2 Rad8 16. O-O c4 17. a4 a6 18. axb5 Qxb5 19. Rfd1 h5 20.
g5 Nh7 21. Nd5 Bxd5 22. exd5 Ne5 $13 {Karner,H-Ehlvest,J/Tallinn Keres-mem/
1983/}) 9... Nc6 (9... b6 10. O-O Bb7 11. Qc2 Nh5 12. Rfe1 Nc6 13. Nc4 Nf4 14.
Bf1 Qc7 15. Bg3 Ne5 16. Ncxe5 Bxe5 17. h4 Bg7 18. Bc4 e5 19. Bxf4 exf4 20. Bd5
$14 {Hertweck-Behrmann/Baden-Baden op/1987/}) 10. O-O Nh5 $5 (10... Be6 11. Qc2
Qc7 12. Bg3 Qc8 13. Ne5 Nd7 14. Nxc6 Qxc6 15. f4 f5 16. Bf3 Qb6 17. exf5 gxf5
18. Rfe1 Kh8 19. Rad1 Bf6 20. Nf1 Rad8 21. Ne3 c4 22. Bf2 Qc7 23. Nd5 Bxd5 24.
Rxd5 Qxf4 25. Rxf5 $16 {Radziewicz,I-Zielinska,M/POL-chJW20/1994/}) (10... g5
11. Bg3 Nh5 12. a4 (12. Qc2 a6 13. Nc4 Nxg3 14. hxg3 b5 15. Ne3 e6 16. a4 $14 {
1/2/Kabatenski,A-Meyer,P/Budapest FS 03 IM-B/1994/}) (12. Re1 Nxg3 13. hxg3 Qc7
14. Qc2 b6 15. Rad1 Bb7 16. Nc4 Rad8 17. Ne3 e6 18. Bf1 Ne7 19. a4 Ng6 20. Nc4
Bc6 21. b4 Rxd1 22. Rxd1 Rd8 23. Rxd8+ Qxd8 $10 {Schulz,M-Lenz,T/BAY-chT2SO
9495/1995/}) (12. Ne1 Nxg3 13. hxg3 f5 14. exf5 Bxf5 15. Nc2 Kh8 16. Ne3 Bh7
17. Bf3 Bd3 18. Re1 Ne5 19. Be4 Qd7 20. Bxd3 Nxd3 21. Nf3 Rad8 22. Re2 e5 23.
Rd2 e4 24. Ne1 Qf7 25. Qb3 Qe7 26. Nxd3 exd3 27. Rad1 Rxf2 $1 $44 {Predein,
V-Temirbaev,S/Kurgan/1993/}) 12... Nxg3 13. hxg3 Be6 14. Bc4 Bg4 15. Qc2 Qc7
16. Ba2 a6 17. Nh2 Bd7 18. f4 g4 19. e5 Qc8 20. Bb1 Rd8 21. Nc4 Qc7 22. Ne3 Qc8
23. Qh7+ Kf8 24. Bf5 $40 {Hug,W-Georghiou,A/Moscow olm/1994/}) 11. Re1 (11. Qc2
Nf4 12. Bb5 Bd7 $132) 11... Qc7 12. Qc2 Be6 13. Nc4 $146 (13. a4 Na5 $1 14.
Rad1 Rfd8 15. Bg3 Nxg3 16. hxg3 a6 17. Bf1 c4 18. Nh4 Rd7 19. Ndf3 Rad8 20.
Rxd7 Qxd7 21. Be2 Nb3 22. Rd1 Qe8 23. Rxd8 Qxd8 24. Qd1 Qa5 $36 {Beliakov,
A-Kuljabin,V/Budapest Spring op/1995/}) 13... Rad8 14. Ne3 (14. a4 $5 $10)
14... Rd7 $1 15. Rad1 Rfd8 16. Rxd7 Rxd7 17. Bb5 $5 (17. a4 Na5 {[%csl Rb3]
[%cal Yc5c4] ><b3,/\c4()}) (17. Rd1 $6 Rxd1+ 18. Nxd1 (18. Qxd1 Bxa2 19. b3 Qa5
$17) 18... c4 $15 (18... Bxa2 $5 19. b3 Qa5)) 17... a6 18. Bxc6 Qxc6 $15 {
[%csl Ge6,Gg7] ^^} 19. c4 $5 {[%cal Ye3d5] /\Nd5} Qb6 (19... g5 20. Bg3 $13) (
19... Qc8 $5 20. Nd5 Qd8 21. h3 $1 (21. b3 Bg4 {[%csl Rd4] ><d4}) (21. Rd1 g5
22. Bg3 Bg4 $36) 21... g5 22. Bg3 Nxg3 23. fxg3 g4 24. Nh4 $5 gxh3 25. Nf5 Bxf5
26. exf5 hxg2 27. Kxg2 $44) 20. Nd5 $1 $8 (20. b3 Qd8 $36 {[%cal Gd7d1] <->d})
20... Qxb2 21. Qxb2 Bxb2 22. Bxe7 (22. Nxe7+ $2 Kf8 23. Nd5 g5 24. Bg3 Nxg3 25.
hxg3 f5 $17 {[%csl Gb2,Ge6] _|_^^}) 22... b5 $6 (22... Nf4 $1 23. Nxf4 (23.
Bxc5 Nd3 24. Rb1 Nxc5 25. Rxb2 Nxe4 $17 {[%csl Ra2,Rc4] ><a2,c4}) (23. Rb1 Nd3
$36) 23... Rxe7 24. Nxe6 Rxe6 25. Kf1 (25. e5 Bc3 26. Re2 Rb6 $17 {[%csl Ra2,
Rc4] ׫}) 25... Bg7 26. e5 g5 $15 {[%csl Ra2,Rc4,Re5] ><a2,c4,e5}) 23. cxb5
axb5 24. Bxc5 Bxd5 25. exd5 Rxd5 $10 26. Be3 Bg7 27. h3 (27. Rc1 b4 $5 {
[%cal Yd5a5] /\Ra5}) 27... Nf6 28. Rc1 Rd8 29. Rb1 Nd5 $1 (29... Rb8 30. Nd4
$36) 30. Rxb5 (30. Rd1 Rd7 {/\Nf6=}) (30. Rxb5 Nxe3 31. fxe3 Ra8 $10) 1/2-1/2

[Event "Peristeri"]
[Site "Peristeri"]
[Date "1994.??.??"]
[Round "2"]
[White "Nikolaidis, Ioannis"]
[Black "Moutousis, Konstantinos"]
[Result "1/2-1/2"]
[WhiteElo "2460"]
[BlackElo "2425"]
[Annotator "Stohl,I"]
[PlyCount "76"]
[EventDate "1994.??.??"]
[EventType "tourn"]
[EventRounds "9"]
[EventCountry "GRE"]
[EventCategory "9"]
[SourceTitle "CBM 046"]
[Source "ChessBase"]
[SourceDate "1995.06.01"]
[SourceVersion "1"]
[SourceVersionDate "1995.06.01"]
[SourceQuality "1"]

1. d4 Nf6 2. Nf3 g6 3. Bg5 Bg7 4. c3 (4. Nbd2 c5 5. Bxf6 Bxf6 6. Ne4 Qb6 $5 7.
Nxf6+ Qxf6 8. c3 d6 9. e3 O-O 10. Be2 Nc6 11. O-O e5 12. dxe5 dxe5 13. Nd2 Rd8
14. Qc2 Be6 15. Rfd1 Qe7 16. e4 Qc7 17. Nc4 Rxd1+ 18. Rxd1 Na5 $10 {Milos,
G-Zapata,A/Sevilla Expo/1992/}) 4... d6 5. Nbd2 O-O 6. e4 Nbd7 (6... c5 7. dxc5
dxc5 8. Be2 Nc6 9. O-O Qc7 10. Qc2 Rd8 11. Rfe1 h6 12. Bh4 Nh5 13. Nc4 Be6 14.
Ne3 Nf4 15. Bf1 Ne5 16. Nxe5 Bxe5 17. Nc4 Bxc4 18. Bxc4 b5 $1 19. Bf1 c4 $15 {
Yusupov,A-Kasparov,G/Riga/1995/}) 7. Be2 (7. Bc4 e5 8. O-O Qe8 9. Re1 h6 10.
Bh4 Nh5 11. Bf1 Nb6 12. dxe5 dxe5 13. Nb3 a5 14. Nc5 Qc6 15. Nd3 Re8 16. a4 Bd7
17. b3 Bg4 18. Rc1 Bf6 19. Bxf6 Qxf6 $15 {Stangl,M-Stohl,I/Brno/1994/}) 7... e5
8. dxe5 (8. O-O h6 9. Bh4 Qe8 $10) 8... Nxe5 (8... dxe5 $5 $10) 9. Nxe5 dxe5
10. Qc2 Qe8 (10... Be6 11. Nc4 h6 12. Bh4 $14) 11. Bc4 h6 12. Be3 {/\Bc5+-} b6
13. f3 (13. O-O-O $6 Ng4 $15) 13... h5 (13... Be6 14. O-O Nd7 $10) 14. h3 $5 a5
(14... h4 15. Bg5 {><h4}) 15. g4 a4 16. O-O-O $13 Be6 17. Qd3 $1 (17. Kb1 b5
18. Bxe6 Qxe6 $10) 17... Rd8 18. Qe2 Qc6 {/\Rd2} 19. Bxe6 Qxe6 20. Kb1 Rd6 (
20... Rd7 21. Nc4 Rfd8 $132) 21. Nc4 Rc6 22. Na3 Ra8 23. Rc1 (23. Nc2 $5 Bf8
24. Nb4 $14) 23... Bf8 24. Nb5 Rc4 $5 {/\Ra5} 25. b3 axb3 26. axb3 Rb4 $1 27.
cxb4 $8 Qxb3+ 28. Qb2 Qd3+ (28... Qxe3 29. Rc3 $16) 29. Rc2 $8 (29. Qc2 Qxb5
$15) 29... Qxb5 30. Rhc1 (30. Bd2 Ra4 $44) (30. Rxc7 $2 Qd3+ $19) 30... Bxb4 (
30... Ra4 31. Rc4 Rxb4 (31... Bxb4 32. Bd2 {-30...Bb4}) 32. Rxb4 Bxb4 33. Qb3
$14) 31. Bd2 Ra4 32. Rc4 c5 33. Bxb4 cxb4 34. f4 (34. Qb3 $2 {/\Rc7} Ra3 $40)
34... Nxe4 $5 35. Rxe4 (35. fxe5 $2 Qd5 $40 {/\Nc3,Nd2}) 35... Qd3+ 36. Qc2 $8
Qa3 37. Qb2 $8 (37. Qc8+ Kg7 38. Kc2 b3+ $19) 37... Qd3+ $10 38. Qc2 Qa3
1/2-1/2

[Event "Beersheba 16th"]
[Site "Beersheba"]
[Date "1997.03.05"]
[Round "9"]
[White "Kantsler, Boris"]
[Black "Dvoirys, Semen I"]
[Result "1/2-1/2"]
[WhiteElo "2495"]
[BlackElo "2590"]
[Annotator "Stohl,I"]
[PlyCount "137"]
[EventDate "1997.02.24"]
[EventType "tourn"]
[EventRounds "11"]
[EventCountry "ISR"]
[EventCategory "12"]
[SourceTitle "CBM 058"]
[Source "ChessBase"]
[SourceDate "1997.06.01"]
[SourceVersion "1"]
[SourceVersionDate "1997.06.01"]
[SourceQuality "1"]

1. d4 Nf6 2. Nf3 g6 3. Bg5 {Against Gruenfeld expert and excellent tactican
Dvoirys White chooses a very solid line, putting safety in first place.} Bg7 4.
Nbd2 O-O 5. c3 d6 6. e4 c5 7. dxc5 dxc5 8. Bc4 (8. Be2 Nc6 9. O-O h6 10. Be3 b6
11. Qc2 Bb7 12. Rad1 Qc7 13. h3 Nh5 14. Rfe1 Nf4 15. Bf1 g5 16. g3 Ng6 17. Bg2
Rfd8 18. Nf1 Rxd1 19. Rxd1 Rd8 20. Bc1 Rd7 21. Ne3 e6 22. a4 Ba6 23. Bf1 Bxf1
24. Kxf1 a6 25. Ke2 b5 $11 {Colombo,A-Moncher,S/Robecchetto op/1997/}) 8... Nc6
9. O-O h6 (9... Qc7 10. Qe2 (10. Re1 Na5 (10... h6 11. Bh4 Nh5 12. Qc2 b6 13.
Nf1 (13. Be2 Bb7 14. Nc4 g5 15. Bg3 Nxg3 16. hxg3 Ne5 17. Nfxe5 Bxe5 18. Nxe5
Qxe5 19. Bc4 Rad8 20. Rad1 e6 21. Rd2 Rd6 $11 {1/2,Malaniuk,V-Timoshchenko,G/
Palma GMA-op/1989/}) (13. a3 $143 $6 g5 14. Bg3 Nxg3 15. hxg3 e6 16. Rad1 Bb7
17. Ba2 g4 18. Nh4 b5 19. e5 Nxe5 20. c4 b4 21. axb4 cxb4 22. c5 Rfd8 23. Nb3
Bd5 24. Re3 a5 $17 {Duong,T-Kudrin,S/New York op/1991/}) 13... Bb7 14. Ne3 e6
15. Rad1 Bf6 16. Bxf6 Nxf6 17. Nd5 $1 exd5 18. exd5 Nd4 19. cxd4 Nxd5 20. Ne5
Rad8 21. dxc5 bxc5 22. Qb3 Qb6 23. Qh3 Rfe8 24. Qxh6 Qxb2 25. f4 Rd6 26. Rd3
Rxe5 27. fxe5 Ne3 28. Bxf7+ Kxf7 29. Qh7+ Ke8 30. Qh8+ $1 {1-0,Gelfand,
B-Kantshler,B/Uzhgorod/1987/}) 11. Bf1 Be6 12. b4 cxb4 13. cxb4 Nc6 14. b5 Ne5
15. Rc1 Nxf3+ 16. Qxf3 Qa5 17. Nb3 Qxa2 18. Nc5 Rac8 19. Re2 Qa5 20. Nxe6 Rxc1
21. Bxc1 fxe6 22. Qb3 Kf7 23. g3 $44 {Garcia Palermo,C-Topalov,V/Forli op/1988/
}) 10... h6 11. Bh4 Nh5 12. Qe3 (12. Rfe1 Ne5 $6 13. Nxe5 Bxe5 14. g3 Bh8 15.
f4 Ng7 16. Qf3 Be6 17. Rad1 Rad8 18. Bxe6 Nxe6 19. f5 g5 20. fxe6 gxh4 21. Qg4+
Bg7 22. Qxh4 c4 23. Kg2 fxe6 24. Qg4 Rf6 25. Nf3 $16 {Van Wely,L-Leko,P/
Tilburg/1996/}) 12... g5 $1 (12... b6 13. Rfe1 g5 14. Bxg5 hxg5 15. Qxg5 Nf4 (
15... Nf6 $6 16. e5 Ng4 17. Bd5 Rb8 18. e6 f5 19. Nf1 Nf6 20. Ng3 Nh7 21. Qg6
Kh8 22. Nxf5 Rg8 23. Ng5 {1-0, Speelman,J-Howell,J/Calcutta op/1996/}) 16. e5
Ne6 17. Qg3 Rd8 18. Re4 b5 19. Bxb5 Nxe5 20. Nxe5 Rxd2 21. Bc4 Qd6 22. h3 Bb7
23. Rg4 Bd5 24. Qe3 Bxc4 25. Nxc4 Rd1+ 26. Rxd1 Qxd1+ 27. Kh2 Qd5 28. Qg3 Rd8
$13 {1/2,Kanstler,B-Peker,O/Petach Tikva/1996/}) 13. Bg3 Nxg3 14. hxg3 b6 15.
Rfe1 Bb7 16. Qe2 Rad8 17. Nf1 Ne5 18. Nxe5 Qxe5 19. Rad1 Qc7 20. Nh2 Rxd1 21.
Rxd1 Rd8 22. Rxd8+ Qxd8 23. Qd3 Qxd3 24. Bxd3 e6 25. Kf1 Kf8 26. Ke2 Ke7 27. g4
c4 28. Bxc4 Bxe4 29. Nf3 Kd6 30. Bd3 Bd5 $11 {1/2,Prakash,G-Saravanan,V/
Goodricke Calcutta/1997/ If Black plays with care in this line, he has more
than one way to equality. The real problem is how to create winning chances
without overstepping the limit.}) 10. Bf4 (10. Be3 b6 11. h3 Qc7 (11... Na5 12.
Be2 Be6 $132) 12. Qc2 Bb7 13. Nh2 $6 Ne5 14. Be2 Qc6 15. f4 Ned7 16. Bf3 e5 17.
Nc4 Qe6 18. Nxe5 Nxe5 19. fxe5 Qxe5 20. Rae1 Rfe8 21. Qc1 h5 22. Bf4 Qe6 $15 {
Lukasiewicz,G-Tirard,H/Cannes opA/1997/}) (10. Bh4 Bg4 11. Qc2 Qc8 12. Rfe1 Nh5
13. Qd3 g5 14. Bg3 Nxg3 15. hxg3 Na5 $132 {1/2,Schiffer,K-Fehling,M/Dusseldorf/
1994/}) 10... Na5 $146 (10... Bg4 11. Qc2 Qc8 12. Rfe1 b6 13. h3 Be6 14. Bf1
Na5 15. Bh2 a6 16. Rad1 b5 17. c4 b4 18. Bd3 Nd7 19. Nf1 Qb7 20. b3 Nc6 21. Ne3
a5 22. Nd5 a4 23. e5 axb3 24. axb3 Ra3 25. Nf4 g5 26. Nxe6 fxe6 27. Be4 $36 {
Nikolac,J-Dirr,U/München/1992/}) 11. Be2 Be6 12. h3 {White wants to keep his B
on thew h2-b8 /^, denying Black's Q it's best square c7.} (12. Qc2 Nh5 13. Be3
Qc7 $11) 12... a6 13. Qc2 (13. a4 Qb6 14. Qc2 Rfd8 {[%csl Rb3] ><b3}) 13... b5
14. a4 Qd7 (14... b4 $6 {opens the position prematurely-} 15. cxb4 cxb4 16. Qc5
$1 $36) 15. axb5 axb5 16. Ne5 Qb7 17. Nd3 (17. b4 $6 cxb4 18. cxb4 Rfc8 19. Qd3
Nc4 $36) 17... Nd7 18. Be3 Rfc8 19. Nf4 Bc4 $1 $11 20. Nxc4 Nxc4 (20... bxc4 $2
21. Ra4 $16 {[%csl Ra5,Rc4] ><c4,Na5}) 21. Rxa8 (21. Bxc4 bxc4 22. Qe2 Qb3 $132
) 21... Rxa8 22. Bc1 e6 23. Rd1 Nde5 24. Bf1 {Although White has played rather
passively, his position still remains impregnable and his ^^ has hidden
potential.} (24. b3 $6 Na3 25. Bxa3 Rxa3 $15) 24... Bf8 25. Ne2 (25. f3 $5 {
[%cal Yb2b3] /\b3 chasing away the annoying N}) 25... b4 (25... Nc6 $142 $5 $11
) 26. Ng3 $1 {[%cal Rf2f4] /\f4+-} (26. cxb4 $6 Qxb4 27. f4 Nc6 $15 {[%csl Rb2,
Rd4] favours Black, the b-pawn and d4-square are rather weak and his pieces
have suddenly more scope.}) 26... b3 (26... bxc3 $2 27. Qxc3 Qb4 28. Qxb4 cxb4
29. f4 $18) (26... Na5 $5 $13) 27. Qe2 Ra4 28. f4 Nd7 29. Qf3 $6 (29. e5 $5 {
[%cal Yg3e4] /\Ne4|^}) 29... Ndb6 30. Bd3 Nd6 (30... Ra2 31. Qe2 $14) 31. Qe2
c4 32. Bb1 Ra1 33. Be3 Na4 34. Rf1 Bg7 35. Qd2 {White has reliably defended
his << and now begins to show his ambitions on the other side. Therefore Black
wisely decides to change the course of the game.} (35. e5 Nf5 36. Nxf5 exf5 $11
) 35... Rxb1 $5 36. Rxb1 Nxe4 37. Nxe4 Qxe4 $44 {[%csl Rb2] ><b2} 38. Re1 (38.
Ra1 $2 Nxb2 $17) 38... Kh7 39. Kh1 (39. Bd4 Qd3 $1 40. Qxd3 cxd3 41. Rb1 (41.
Bxg7 Nxb2 $1 $19) 41... d2 42. Rd1 (42. Be3 Bxc3 $1 $36) 42... Nxb2 43. Rxd2
Nc4 $44) 39... Qf5 (39... Qd3 40. Qxd3 (40. Qc1 $5) 40... cxd3 41. Bc1 d2 42.
Bxd2 Nxb2 43. Rb1 Nc4 44. Bc1 $14) (39... Qd5 $5 $44) 40. Qe2 Qd5 41. Rd1 Qe4 {
[%cal Ra4b2] /\Nb2} 42. Re1 Nxc3 $5 {After this sacrifice an interesting
endgame arises practically by force.} 43. bxc3 Bxc3 44. Bc1 $1 {[]} (44. Bd2 $2
Qxe2 45. Rxe2 Bxd2 46. Rxd2 c3 $19) (44. Rd1 b2 45. Kh2 Bg7 $1 $19 {[%cal
Rc4c2] /\c3-c2}) 44... Qxe2 (44... Qc6 45. Bb2 $1 Bxe1 46. Qxe1 $18) 45. Rxe2
Bf6 46. Re4 {White's R must get behind the pawns.} (46. Bb2 $2 c3 47. Bxc3 Bxc3
48. Rf2 b2 49. Rf1 Bd2 50. Rb1 Bc1 $19) 46... c3 47. Rb4 b2 48. Bxb2 cxb2 49.
Kg1 g5 50. g3 gxf4 51. gxf4 Kg6 52. Rb5 $5 (52. Kf2 Kf5 53. Kf3 $11) 52... Bd4+
53. Kg2 f5 54. Kf3 Kh5 55. Kg3 $11 e5 56. fxe5 Bxe5+ 57. Kf3 Kh4 58. Kg2 {
The endgame is a draw, as Black can't penetrate with his K to support the
b-pawn.} h5 (58... f4 59. Kf3 $5 {/\} Kxh3 $2 60. Rxe5 b1=Q 61. Rh5#) 59. Rb6
Kg5 {[%cal Rg5f4] /\Kf4-+} 60. Kf3 h4 61. Ke3 Bf4+ 62. Kf3 Be5 63. Ke3 Bg7 64.
Rb5 Bc3 65. Kd3 Be5 66. Rb4 Kf6 67. Ke2 Kg5 (67... Ke6 68. Kd3 Kd5 69. Rb5+ Kc6
70. Rb3 f4 71. Ke4 Kd6 72. Rxb2 $5 (72. Rb5 Kc6 73. Rb3 $11) 72... Bxb2 73.
Kxf4 $11) 68. Kd3 Kf6 69. Ke2 1/2-1/2